<?xml version="1.0" encoding="UTF-8"?>
<record
    xmlns:xsi="http://www.w3.org/2001/XMLSchema-instance"
    xsi:schemaLocation="http://www.loc.gov/MARC21/slim http://www.loc.gov/standards/marcxml/schema/MARC21slim.xsd"
    xmlns="http://www.loc.gov/MARC21/slim">

  <leader>00746nas a2200217 454500</leader>
  <controlfield tag="001">27967</controlfield>
  <controlfield tag="005">20260407193507.0</controlfield>
  <controlfield tag="008">260407s1997####ag###########|||spa#d</controlfield>
  <controlfield tag="003">AR-UNSa-BCEJYS</controlfield>
  <datafield tag="040" ind1=" " ind2=" ">
    <subfield code="a">AR-UNSa-BCEJYS</subfield>
    <subfield code="b">spa</subfield>
    <subfield code="c">AR-UNSa-BCEJYS</subfield>
  </datafield>
  <datafield tag="080" ind1=" " ind2=" ">
    <subfield code="a">341.123</subfield>
    <subfield code="x">Organizaci&#xF3;n de las Naciones Unidas (ONU)</subfield>
  </datafield>
  <datafield tag="245" ind1="1" ind2="0">
    <subfield code="a">Bolet&#xED;n ONU</subfield>
  </datafield>
  <datafield tag="264" ind1=" " ind2="1">
    <subfield code="a">Buenos Aires :</subfield>
    <subfield code="b">Naciones Unidas</subfield>
    <subfield code="c">1997</subfield>
  </datafield>
  <datafield tag="310" ind1=" " ind2=" ">
    <subfield code="a">Frecuencia: Mensual</subfield>
  </datafield>
  <datafield tag="942" ind1=" " ind2=" ">
    <subfield code="c">SER</subfield>
  </datafield>
  <datafield tag="590" ind1=" " ind2=" ">
    <subfield code="a">niveau_biblio:s niveau_hierar:1</subfield>
  </datafield>
  <datafield tag="100" ind1="1" ind2=" ">
    <subfield code="a">Organizaci&#xF3;n de las Naciones Unidas (ONU)</subfield>
  </datafield>
  <datafield tag="650" ind1=" " ind2=" ">
    <subfield code="a">Derecho internacional</subfield>
  </datafield>
  <datafield tag="650" ind1=" " ind2=" ">
    <subfield code="a">DERECHO INTERNACIONAL PUBLICO</subfield>
  </datafield>
  <datafield tag="856" ind1="4" ind2="1">
    <subfield code="u">https://biblioeco.unsa.edu.ar/pmb/images/revistas/Boletin ONU-r13559.jpg</subfield>
    <subfield code="y">Imagen de portada</subfield>
    <subfield code="q">image/jpeg</subfield>
  </datafield>
  <datafield tag="999" ind1=" " ind2=" ">
    <subfield code="c">8632</subfield>
    <subfield code="d">8632</subfield>
  </datafield>
  <datafield tag="952" ind1=" " ind2=" ">
    <subfield code="0">0</subfield>
    <subfield code="1">0</subfield>
    <subfield code="4">0</subfield>
    <subfield code="7">0</subfield>
    <subfield code="a">BCEJYS</subfield>
    <subfield code="b">BCEJYS</subfield>
    <subfield code="c">17</subfield>
    <subfield code="d">2003-04-01</subfield>
    <subfield code="h">N&#xBA; 4/5 - abr./mayo 2003</subfield>
    <subfield code="l">0</subfield>
    <subfield code="o">H341.123 BOL 4/5.2003</subfield>
    <subfield code="p">R13614</subfield>
    <subfield code="r">2026-04-10 16:08:41</subfield>
    <subfield code="w">2026-04-10</subfield>
    <subfield code="y">RN</subfield>
  </datafield>
  <datafield tag="952" ind1=" " ind2=" ">
    <subfield code="0">0</subfield>
    <subfield code="1">0</subfield>
    <subfield code="4">0</subfield>
    <subfield code="7">0</subfield>
    <subfield code="a">BCEJYS</subfield>
    <subfield code="b">BCEJYS</subfield>
    <subfield code="c">17</subfield>
    <subfield code="d">2003-01-01</subfield>
    <subfield code="h">N&#xBA; 1/3 - ene./mar. 2003</subfield>
    <subfield code="l">0</subfield>
    <subfield code="o">H341.123 BOL 1/3.2003</subfield>
    <subfield code="p">R13613</subfield>
    <subfield code="r">2026-04-10 16:08:41</subfield>
    <subfield code="w">2026-04-10</subfield>
    <subfield code="y">RN</subfield>
  </datafield>
  <datafield tag="952" ind1=" " ind2=" ">
    <subfield code="0">0</subfield>
    <subfield code="1">0</subfield>
    <subfield code="4">0</subfield>
    <subfield code="7">0</subfield>
    <subfield code="a">BCEJYS</subfield>
    <subfield code="b">BCEJYS</subfield>
    <subfield code="c">17</subfield>
    <subfield code="d">2002-11-01</subfield>
    <subfield code="h">N&#xBA; 11/12 - nov./dic. 2002</subfield>
    <subfield code="l">0</subfield>
    <subfield code="o">H341.123 BOL 11/12.2002</subfield>
    <subfield code="p">R13612</subfield>
    <subfield code="r">2026-04-10 16:08:41</subfield>
    <subfield code="w">2026-04-10</subfield>
    <subfield code="y">RN</subfield>
  </datafield>
  <datafield tag="952" ind1=" " ind2=" ">
    <subfield code="0">0</subfield>
    <subfield code="1">0</subfield>
    <subfield code="4">0</subfield>
    <subfield code="7">0</subfield>
    <subfield code="a">BCEJYS</subfield>
    <subfield code="b">BCEJYS</subfield>
    <subfield code="c">17</subfield>
    <subfield code="d">2002-09-01</subfield>
    <subfield code="h">N&#xBA; 9/10 - sep./oct. 2002</subfield>
    <subfield code="l">0</subfield>
    <subfield code="o">H341.123 BOL 9/10.2002</subfield>
    <subfield code="p">R13611</subfield>
    <subfield code="r">2026-04-10 16:08:41</subfield>
    <subfield code="w">2026-04-10</subfield>
    <subfield code="y">RN</subfield>
  </datafield>
  <datafield tag="952" ind1=" " ind2=" ">
    <subfield code="0">0</subfield>
    <subfield code="1">0</subfield>
    <subfield code="4">0</subfield>
    <subfield code="7">0</subfield>
    <subfield code="a">BCEJYS</subfield>
    <subfield code="b">BCEJYS</subfield>
    <subfield code="c">17</subfield>
    <subfield code="d">2002-06-01</subfield>
    <subfield code="h">N&#xBA; 6/8 - jun./ago. 2002</subfield>
    <subfield code="l">0</subfield>
    <subfield code="o">H341.123 BOL 6/8.2002</subfield>
    <subfield code="p">R13610</subfield>
    <subfield code="r">2026-04-10 16:08:41</subfield>
    <subfield code="w">2026-04-10</subfield>
    <subfield code="y">RN</subfield>
  </datafield>
  <datafield tag="952" ind1=" " ind2=" ">
    <subfield code="0">0</subfield>
    <subfield code="1">0</subfield>
    <subfield code="4">0</subfield>
    <subfield code="7">0</subfield>
    <subfield code="a">BCEJYS</subfield>
    <subfield code="b">BCEJYS</subfield>
    <subfield code="c">17</subfield>
    <subfield code="d">2002-03-01</subfield>
    <subfield code="h">N&#xBA; 3/5 - mar./mayo 2002</subfield>
    <subfield code="l">0</subfield>
    <subfield code="o">H341.123 BOL 3/5.2002</subfield>
    <subfield code="p">R13609</subfield>
    <subfield code="r">2026-04-10 16:08:41</subfield>
    <subfield code="w">2026-04-10</subfield>
    <subfield code="y">RN</subfield>
  </datafield>
  <datafield tag="952" ind1=" " ind2=" ">
    <subfield code="0">0</subfield>
    <subfield code="1">0</subfield>
    <subfield code="4">0</subfield>
    <subfield code="7">0</subfield>
    <subfield code="a">BCEJYS</subfield>
    <subfield code="b">BCEJYS</subfield>
    <subfield code="c">17</subfield>
    <subfield code="d">2002-01-01</subfield>
    <subfield code="h">N&#xBA; 1/2 - ene./feb. 2002</subfield>
    <subfield code="l">0</subfield>
    <subfield code="o">H341.123 BOL 1/2.2002</subfield>
    <subfield code="p">R13608</subfield>
    <subfield code="r">2026-04-10 16:08:41</subfield>
    <subfield code="w">2026-04-10</subfield>
    <subfield code="y">RN</subfield>
  </datafield>
  <datafield tag="952" ind1=" " ind2=" ">
    <subfield code="0">0</subfield>
    <subfield code="1">0</subfield>
    <subfield code="4">0</subfield>
    <subfield code="7">0</subfield>
    <subfield code="a">BCEJYS</subfield>
    <subfield code="b">BCEJYS</subfield>
    <subfield code="c">17</subfield>
    <subfield code="d">2001-12-01</subfield>
    <subfield code="h">N&#xBA; 12 - dic. 2001</subfield>
    <subfield code="l">0</subfield>
    <subfield code="o">H341.123 BOL 12.2001</subfield>
    <subfield code="p">R13607</subfield>
    <subfield code="r">2026-04-10 16:08:41</subfield>
    <subfield code="w">2026-04-10</subfield>
    <subfield code="y">RN</subfield>
  </datafield>
  <datafield tag="952" ind1=" " ind2=" ">
    <subfield code="0">0</subfield>
    <subfield code="1">0</subfield>
    <subfield code="4">0</subfield>
    <subfield code="7">0</subfield>
    <subfield code="a">BCEJYS</subfield>
    <subfield code="b">BCEJYS</subfield>
    <subfield code="c">17</subfield>
    <subfield code="d">2001-09-01</subfield>
    <subfield code="h">N&#xBA; 9/11 - sep./nov. 2001</subfield>
    <subfield code="l">0</subfield>
    <subfield code="o">H341.123 BOL 9/11.2001</subfield>
    <subfield code="p">R13606</subfield>
    <subfield code="r">2026-04-10 16:08:41</subfield>
    <subfield code="w">2026-04-10</subfield>
    <subfield code="y">RN</subfield>
  </datafield>
  <datafield tag="952" ind1=" " ind2=" ">
    <subfield code="0">0</subfield>
    <subfield code="1">0</subfield>
    <subfield code="4">0</subfield>
    <subfield code="7">0</subfield>
    <subfield code="a">BCEJYS</subfield>
    <subfield code="b">BCEJYS</subfield>
    <subfield code="c">17</subfield>
    <subfield code="d">2001-07-01</subfield>
    <subfield code="h">N&#xBA; 7/8 - jul./ago. 2001</subfield>
    <subfield code="l">0</subfield>
    <subfield code="o">H341.123 BOL 7/8.2001</subfield>
    <subfield code="p">R13605</subfield>
    <subfield code="r">2026-04-10 16:08:41</subfield>
    <subfield code="w">2026-04-10</subfield>
    <subfield code="y">RN</subfield>
  </datafield>
  <datafield tag="952" ind1=" " ind2=" ">
    <subfield code="0">0</subfield>
    <subfield code="1">0</subfield>
    <subfield code="4">0</subfield>
    <subfield code="7">0</subfield>
    <subfield code="a">BCEJYS</subfield>
    <subfield code="b">BCEJYS</subfield>
    <subfield code="c">17</subfield>
    <subfield code="d">2001-03-01</subfield>
    <subfield code="h">N&#xBA; 3/6 - mar./jun. 2001</subfield>
    <subfield code="l">0</subfield>
    <subfield code="o">H341.123 BOL 3/6.2001</subfield>
    <subfield code="p">R13604</subfield>
    <subfield code="r">2026-04-10 16:08:41</subfield>
    <subfield code="w">2026-04-10</subfield>
    <subfield code="y">RN</subfield>
  </datafield>
  <datafield tag="952" ind1=" " ind2=" ">
    <subfield code="0">0</subfield>
    <subfield code="1">0</subfield>
    <subfield code="4">0</subfield>
    <subfield code="7">0</subfield>
    <subfield code="a">BCEJYS</subfield>
    <subfield code="b">BCEJYS</subfield>
    <subfield code="c">17</subfield>
    <subfield code="d">2001-01-01</subfield>
    <subfield code="h">N&#xBA; 1/2 - ene./feb. 2001</subfield>
    <subfield code="l">0</subfield>
    <subfield code="o">H341.123 BOL 1/2.2001</subfield>
    <subfield code="p">R13600</subfield>
    <subfield code="r">2026-04-10 16:08:41</subfield>
    <subfield code="w">2026-04-10</subfield>
    <subfield code="y">RN</subfield>
  </datafield>
  <datafield tag="952" ind1=" " ind2=" ">
    <subfield code="0">0</subfield>
    <subfield code="1">0</subfield>
    <subfield code="4">0</subfield>
    <subfield code="7">0</subfield>
    <subfield code="a">BCEJYS</subfield>
    <subfield code="b">BCEJYS</subfield>
    <subfield code="c">17</subfield>
    <subfield code="d">2000-10-01</subfield>
    <subfield code="h">N&#xBA; 10/12 - oct./dic. 2000</subfield>
    <subfield code="l">0</subfield>
    <subfield code="o">H341.123 BOL 10/12.2000</subfield>
    <subfield code="p">R13599</subfield>
    <subfield code="r">2026-04-10 16:08:41</subfield>
    <subfield code="w">2026-04-10</subfield>
    <subfield code="y">RN</subfield>
  </datafield>
  <datafield tag="952" ind1=" " ind2=" ">
    <subfield code="0">0</subfield>
    <subfield code="1">0</subfield>
    <subfield code="4">0</subfield>
    <subfield code="7">0</subfield>
    <subfield code="a">BCEJYS</subfield>
    <subfield code="b">BCEJYS</subfield>
    <subfield code="c">17</subfield>
    <subfield code="d">2000-07-01</subfield>
    <subfield code="h">N&#xBA; 7/9 - jul./sep. 2000</subfield>
    <subfield code="l">0</subfield>
    <subfield code="o">H341.123 BOL 7/9.2000</subfield>
    <subfield code="p">R13598</subfield>
    <subfield code="r">2026-04-10 16:08:41</subfield>
    <subfield code="w">2026-04-10</subfield>
    <subfield code="y">RN</subfield>
  </datafield>
  <datafield tag="952" ind1=" " ind2=" ">
    <subfield code="0">0</subfield>
    <subfield code="1">0</subfield>
    <subfield code="4">0</subfield>
    <subfield code="7">0</subfield>
    <subfield code="a">BCEJYS</subfield>
    <subfield code="b">BCEJYS</subfield>
    <subfield code="c">17</subfield>
    <subfield code="d">2000-05-01</subfield>
    <subfield code="h">N&#xBA; 5/6 - mayo/jun. 2000</subfield>
    <subfield code="l">0</subfield>
    <subfield code="o">H341.123 BOL 5/6.2000</subfield>
    <subfield code="p">R13597</subfield>
    <subfield code="r">2026-04-10 16:08:41</subfield>
    <subfield code="w">2026-04-10</subfield>
    <subfield code="y">RN</subfield>
  </datafield>
  <datafield tag="952" ind1=" " ind2=" ">
    <subfield code="0">0</subfield>
    <subfield code="1">0</subfield>
    <subfield code="4">0</subfield>
    <subfield code="7">0</subfield>
    <subfield code="a">BCEJYS</subfield>
    <subfield code="b">BCEJYS</subfield>
    <subfield code="c">17</subfield>
    <subfield code="d">2000-03-01</subfield>
    <subfield code="h">N&#xBA; 3/4 - mar./abr. 2000</subfield>
    <subfield code="l">0</subfield>
    <subfield code="o">H341.123 BOL 3/4.2000</subfield>
    <subfield code="p">R13596</subfield>
    <subfield code="r">2026-04-10 16:08:41</subfield>
    <subfield code="w">2026-04-10</subfield>
    <subfield code="y">RN</subfield>
  </datafield>
  <datafield tag="952" ind1=" " ind2=" ">
    <subfield code="0">0</subfield>
    <subfield code="1">0</subfield>
    <subfield code="4">0</subfield>
    <subfield code="7">0</subfield>
    <subfield code="a">BCEJYS</subfield>
    <subfield code="b">BCEJYS</subfield>
    <subfield code="c">17</subfield>
    <subfield code="d">2000-01-01</subfield>
    <subfield code="h">N&#xBA; 1/2 - ene./feb. 2000</subfield>
    <subfield code="l">0</subfield>
    <subfield code="o">H341.123 BOL 1/2.2000</subfield>
    <subfield code="p">R14754</subfield>
    <subfield code="r">2026-04-10 16:08:41</subfield>
    <subfield code="w">2026-04-10</subfield>
    <subfield code="y">RN</subfield>
  </datafield>
  <datafield tag="952" ind1=" " ind2=" ">
    <subfield code="0">0</subfield>
    <subfield code="1">0</subfield>
    <subfield code="4">0</subfield>
    <subfield code="7">0</subfield>
    <subfield code="a">BCEJYS</subfield>
    <subfield code="b">BCEJYS</subfield>
    <subfield code="c">17</subfield>
    <subfield code="d">1999-11-01</subfield>
    <subfield code="h">N&#xBA; 10/12 - nov./dic. 1999</subfield>
    <subfield code="l">0</subfield>
    <subfield code="o">H341.123 BOL 11/12.1999</subfield>
    <subfield code="p">R13595</subfield>
    <subfield code="r">2026-04-10 16:08:41</subfield>
    <subfield code="w">2026-04-10</subfield>
    <subfield code="y">RN</subfield>
  </datafield>
  <datafield tag="952" ind1=" " ind2=" ">
    <subfield code="0">0</subfield>
    <subfield code="1">0</subfield>
    <subfield code="4">0</subfield>
    <subfield code="7">0</subfield>
    <subfield code="a">BCEJYS</subfield>
    <subfield code="b">BCEJYS</subfield>
    <subfield code="c">17</subfield>
    <subfield code="d">1999-08-01</subfield>
    <subfield code="h">N&#xBA; 8/10 - ago./oct. 1999</subfield>
    <subfield code="l">0</subfield>
    <subfield code="o">H341.123 BOL 8/10.1999</subfield>
    <subfield code="p">R13594</subfield>
    <subfield code="r">2026-04-10 16:08:41</subfield>
    <subfield code="w">2026-04-10</subfield>
    <subfield code="y">RN</subfield>
  </datafield>
  <datafield tag="952" ind1=" " ind2=" ">
    <subfield code="0">0</subfield>
    <subfield code="1">0</subfield>
    <subfield code="4">0</subfield>
    <subfield code="7">0</subfield>
    <subfield code="a">BCEJYS</subfield>
    <subfield code="b">BCEJYS</subfield>
    <subfield code="c">17</subfield>
    <subfield code="d">1999-07-01</subfield>
    <subfield code="h">N&#xBA; 7 - jul. 1999</subfield>
    <subfield code="l">0</subfield>
    <subfield code="o">H341.123 BOL 7.1999</subfield>
    <subfield code="p">R13593</subfield>
    <subfield code="r">2026-04-10 16:08:41</subfield>
    <subfield code="w">2026-04-10</subfield>
    <subfield code="y">RN</subfield>
  </datafield>
  <datafield tag="952" ind1=" " ind2=" ">
    <subfield code="0">0</subfield>
    <subfield code="1">0</subfield>
    <subfield code="4">0</subfield>
    <subfield code="7">0</subfield>
    <subfield code="a">BCEJYS</subfield>
    <subfield code="b">BCEJYS</subfield>
    <subfield code="c">17</subfield>
    <subfield code="d">1999-06-01</subfield>
    <subfield code="h">N&#xBA; 6 - jun. 1999</subfield>
    <subfield code="l">0</subfield>
    <subfield code="o">H341.123 BOL 6.1999</subfield>
    <subfield code="p">R13592</subfield>
    <subfield code="r">2026-04-10 16:08:41</subfield>
    <subfield code="w">2026-04-10</subfield>
    <subfield code="y">RN</subfield>
  </datafield>
  <datafield tag="952" ind1=" " ind2=" ">
    <subfield code="0">0</subfield>
    <subfield code="1">0</subfield>
    <subfield code="4">0</subfield>
    <subfield code="7">0</subfield>
    <subfield code="a">BCEJYS</subfield>
    <subfield code="b">BCEJYS</subfield>
    <subfield code="c">17</subfield>
    <subfield code="d">1999-05-01</subfield>
    <subfield code="h">N&#xBA; 5 - mayo 1999</subfield>
    <subfield code="l">0</subfield>
    <subfield code="o">H341.123 BOL 5.1999</subfield>
    <subfield code="p">R13591</subfield>
    <subfield code="r">2026-04-10 16:08:41</subfield>
    <subfield code="w">2026-04-10</subfield>
    <subfield code="y">RN</subfield>
  </datafield>
  <datafield tag="952" ind1=" " ind2=" ">
    <subfield code="0">0</subfield>
    <subfield code="1">0</subfield>
    <subfield code="4">0</subfield>
    <subfield code="7">0</subfield>
    <subfield code="a">BCEJYS</subfield>
    <subfield code="b">BCEJYS</subfield>
    <subfield code="c">17</subfield>
    <subfield code="d">1999-04-01</subfield>
    <subfield code="h">N&#xBA; 4 - abr. 1999</subfield>
    <subfield code="l">0</subfield>
    <subfield code="o">H341.123 BOL 4.1999</subfield>
    <subfield code="p">R13590</subfield>
    <subfield code="r">2026-04-10 16:08:41</subfield>
    <subfield code="w">2026-04-10</subfield>
    <subfield code="y">RN</subfield>
  </datafield>
  <datafield tag="952" ind1=" " ind2=" ">
    <subfield code="0">0</subfield>
    <subfield code="1">0</subfield>
    <subfield code="4">0</subfield>
    <subfield code="7">0</subfield>
    <subfield code="a">BCEJYS</subfield>
    <subfield code="b">BCEJYS</subfield>
    <subfield code="c">17</subfield>
    <subfield code="d">1999-03-01</subfield>
    <subfield code="h">N&#xBA; 3 - mar. 1999</subfield>
    <subfield code="l">0</subfield>
    <subfield code="o">H341.123 BOL 3.1999</subfield>
    <subfield code="p">R13589</subfield>
    <subfield code="r">2026-04-10 16:08:41</subfield>
    <subfield code="w">2026-04-10</subfield>
    <subfield code="y">RN</subfield>
  </datafield>
  <datafield tag="952" ind1=" " ind2=" ">
    <subfield code="0">0</subfield>
    <subfield code="1">0</subfield>
    <subfield code="4">0</subfield>
    <subfield code="7">0</subfield>
    <subfield code="a">BCEJYS</subfield>
    <subfield code="b">BCEJYS</subfield>
    <subfield code="c">17</subfield>
    <subfield code="d">1999-01-01</subfield>
    <subfield code="h">N&#xBA; 1/2 - ene./feb. 1999</subfield>
    <subfield code="l">0</subfield>
    <subfield code="o">H341.123 BOL 1/2.1999</subfield>
    <subfield code="p">R13588</subfield>
    <subfield code="r">2026-04-10 16:08:41</subfield>
    <subfield code="w">2026-04-10</subfield>
    <subfield code="y">RN</subfield>
  </datafield>
  <datafield tag="952" ind1=" " ind2=" ">
    <subfield code="0">0</subfield>
    <subfield code="1">0</subfield>
    <subfield code="4">0</subfield>
    <subfield code="7">0</subfield>
    <subfield code="a">BCEJYS</subfield>
    <subfield code="b">BCEJYS</subfield>
    <subfield code="c">17</subfield>
    <subfield code="d">1998-12-01</subfield>
    <subfield code="h">N&#xBA; 12 - dic. 1998</subfield>
    <subfield code="l">0</subfield>
    <subfield code="o">H341.123 BOL 12.1998</subfield>
    <subfield code="p">R13587</subfield>
    <subfield code="r">2026-04-10 16:08:42</subfield>
    <subfield code="w">2026-04-10</subfield>
    <subfield code="y">RN</subfield>
  </datafield>
  <datafield tag="952" ind1=" " ind2=" ">
    <subfield code="0">0</subfield>
    <subfield code="1">0</subfield>
    <subfield code="4">0</subfield>
    <subfield code="7">0</subfield>
    <subfield code="a">BCEJYS</subfield>
    <subfield code="b">BCEJYS</subfield>
    <subfield code="c">17</subfield>
    <subfield code="d">1998-10-01</subfield>
    <subfield code="h">N&#xBA; 10/11 - oct./nov. 1998</subfield>
    <subfield code="l">0</subfield>
    <subfield code="o">H341.123 BOL 10/11.1998</subfield>
    <subfield code="p">R13586</subfield>
    <subfield code="r">2026-04-10 16:08:42</subfield>
    <subfield code="w">2026-04-10</subfield>
    <subfield code="y">RN</subfield>
  </datafield>
  <datafield tag="952" ind1=" " ind2=" ">
    <subfield code="0">0</subfield>
    <subfield code="1">0</subfield>
    <subfield code="4">0</subfield>
    <subfield code="7">0</subfield>
    <subfield code="a">BCEJYS</subfield>
    <subfield code="b">BCEJYS</subfield>
    <subfield code="c">17</subfield>
    <subfield code="d">1998-09-01</subfield>
    <subfield code="h">N&#xBA; 9 - sep. 1998</subfield>
    <subfield code="l">0</subfield>
    <subfield code="o">H341.123 BOL 9.1998</subfield>
    <subfield code="p">R13585</subfield>
    <subfield code="r">2026-04-10 16:08:42</subfield>
    <subfield code="w">2026-04-10</subfield>
    <subfield code="y">RN</subfield>
  </datafield>
  <datafield tag="952" ind1=" " ind2=" ">
    <subfield code="0">0</subfield>
    <subfield code="1">0</subfield>
    <subfield code="4">0</subfield>
    <subfield code="7">0</subfield>
    <subfield code="a">BCEJYS</subfield>
    <subfield code="b">BCEJYS</subfield>
    <subfield code="c">17</subfield>
    <subfield code="d">1998-07-01</subfield>
    <subfield code="h">N&#xBA; 7 - jul. 1998</subfield>
    <subfield code="l">0</subfield>
    <subfield code="o">H341.123 BOL 7.1998</subfield>
    <subfield code="p">R13584</subfield>
    <subfield code="r">2026-04-10 16:08:42</subfield>
    <subfield code="w">2026-04-10</subfield>
    <subfield code="y">RN</subfield>
  </datafield>
  <datafield tag="952" ind1=" " ind2=" ">
    <subfield code="0">0</subfield>
    <subfield code="1">0</subfield>
    <subfield code="4">0</subfield>
    <subfield code="7">0</subfield>
    <subfield code="a">BCEJYS</subfield>
    <subfield code="b">BCEJYS</subfield>
    <subfield code="c">17</subfield>
    <subfield code="d">1998-06-01</subfield>
    <subfield code="h">N&#xBA; 6 - jun. 1998</subfield>
    <subfield code="l">0</subfield>
    <subfield code="o">H341.123 BOL 6.1998</subfield>
    <subfield code="p">R13583</subfield>
    <subfield code="r">2026-04-10 16:08:42</subfield>
    <subfield code="w">2026-04-10</subfield>
    <subfield code="y">RN</subfield>
  </datafield>
  <datafield tag="952" ind1=" " ind2=" ">
    <subfield code="0">0</subfield>
    <subfield code="1">0</subfield>
    <subfield code="4">0</subfield>
    <subfield code="7">0</subfield>
    <subfield code="a">BCEJYS</subfield>
    <subfield code="b">BCEJYS</subfield>
    <subfield code="c">17</subfield>
    <subfield code="d">1998-05-01</subfield>
    <subfield code="h">N&#xBA; 5 - mayo 1998</subfield>
    <subfield code="l">0</subfield>
    <subfield code="o">H341.123 BOL 5.1998</subfield>
    <subfield code="p">R13582</subfield>
    <subfield code="r">2026-04-10 16:08:42</subfield>
    <subfield code="w">2026-04-10</subfield>
    <subfield code="y">RN</subfield>
  </datafield>
  <datafield tag="952" ind1=" " ind2=" ">
    <subfield code="0">0</subfield>
    <subfield code="1">0</subfield>
    <subfield code="4">0</subfield>
    <subfield code="7">0</subfield>
    <subfield code="a">BCEJYS</subfield>
    <subfield code="b">BCEJYS</subfield>
    <subfield code="c">17</subfield>
    <subfield code="d">1998-04-01</subfield>
    <subfield code="h">N&#xBA; 4 - abr. 1998</subfield>
    <subfield code="l">0</subfield>
    <subfield code="o">H341.123 BOL 4.1998</subfield>
    <subfield code="p">R13581</subfield>
    <subfield code="r">2026-04-10 16:08:42</subfield>
    <subfield code="w">2026-04-10</subfield>
    <subfield code="y">RN</subfield>
  </datafield>
  <datafield tag="952" ind1=" " ind2=" ">
    <subfield code="0">0</subfield>
    <subfield code="1">0</subfield>
    <subfield code="4">0</subfield>
    <subfield code="7">0</subfield>
    <subfield code="a">BCEJYS</subfield>
    <subfield code="b">BCEJYS</subfield>
    <subfield code="c">17</subfield>
    <subfield code="d">1998-01-01</subfield>
    <subfield code="h">N&#xBA; 1/3 - ene./mar. 1998</subfield>
    <subfield code="l">0</subfield>
    <subfield code="o">H341.123 BOL 1/3.1998</subfield>
    <subfield code="p">R13580</subfield>
    <subfield code="r">2026-04-10 16:08:42</subfield>
    <subfield code="w">2026-04-10</subfield>
    <subfield code="y">RN</subfield>
  </datafield>
  <datafield tag="952" ind1=" " ind2=" ">
    <subfield code="0">0</subfield>
    <subfield code="1">0</subfield>
    <subfield code="4">0</subfield>
    <subfield code="7">0</subfield>
    <subfield code="a">BCEJYS</subfield>
    <subfield code="b">BCEJYS</subfield>
    <subfield code="c">17</subfield>
    <subfield code="d">1997-12-01</subfield>
    <subfield code="h">N&#xBA; 12 - dic. 1997</subfield>
    <subfield code="l">0</subfield>
    <subfield code="o">H341.123 BOL 12.1997</subfield>
    <subfield code="p">R13579</subfield>
    <subfield code="r">2026-04-10 16:08:42</subfield>
    <subfield code="w">2026-04-10</subfield>
    <subfield code="y">RN</subfield>
  </datafield>
  <datafield tag="952" ind1=" " ind2=" ">
    <subfield code="0">0</subfield>
    <subfield code="1">0</subfield>
    <subfield code="4">0</subfield>
    <subfield code="7">0</subfield>
    <subfield code="a">BCEJYS</subfield>
    <subfield code="b">BCEJYS</subfield>
    <subfield code="c">17</subfield>
    <subfield code="d">1997-11-01</subfield>
    <subfield code="h">N&#xBA; 11 - nov. 1997</subfield>
    <subfield code="l">0</subfield>
    <subfield code="o">H341.123 BOL 11.1997</subfield>
    <subfield code="p">R13578</subfield>
    <subfield code="r">2026-04-10 16:08:42</subfield>
    <subfield code="w">2026-04-10</subfield>
    <subfield code="y">RN</subfield>
  </datafield>
  <datafield tag="952" ind1=" " ind2=" ">
    <subfield code="0">0</subfield>
    <subfield code="1">0</subfield>
    <subfield code="4">0</subfield>
    <subfield code="7">0</subfield>
    <subfield code="a">BCEJYS</subfield>
    <subfield code="b">BCEJYS</subfield>
    <subfield code="c">17</subfield>
    <subfield code="d">1997-10-01</subfield>
    <subfield code="h">N&#xBA; 10 - oct. 1997</subfield>
    <subfield code="l">0</subfield>
    <subfield code="o">H341.123 BOL 10.1997</subfield>
    <subfield code="p">R13577</subfield>
    <subfield code="r">2026-04-10 16:08:42</subfield>
    <subfield code="w">2026-04-10</subfield>
    <subfield code="y">RN</subfield>
  </datafield>
  <datafield tag="952" ind1=" " ind2=" ">
    <subfield code="0">0</subfield>
    <subfield code="1">0</subfield>
    <subfield code="4">0</subfield>
    <subfield code="7">0</subfield>
    <subfield code="a">BCEJYS</subfield>
    <subfield code="b">BCEJYS</subfield>
    <subfield code="c">17</subfield>
    <subfield code="d">1997-09-01</subfield>
    <subfield code="h">N&#xBA; 9 - sep. 1997</subfield>
    <subfield code="l">0</subfield>
    <subfield code="o">H341.123 BOL 9.1997</subfield>
    <subfield code="p">R13576</subfield>
    <subfield code="r">2026-04-10 16:08:42</subfield>
    <subfield code="w">2026-04-10</subfield>
    <subfield code="y">RN</subfield>
  </datafield>
  <datafield tag="952" ind1=" " ind2=" ">
    <subfield code="0">0</subfield>
    <subfield code="1">0</subfield>
    <subfield code="4">0</subfield>
    <subfield code="7">0</subfield>
    <subfield code="a">BCEJYS</subfield>
    <subfield code="b">BCEJYS</subfield>
    <subfield code="c">17</subfield>
    <subfield code="d">1997-08-01</subfield>
    <subfield code="h">N&#xBA; 8 - ago. 1997</subfield>
    <subfield code="l">0</subfield>
    <subfield code="o">H341.123 BOL 8.1997</subfield>
    <subfield code="p">R13559</subfield>
    <subfield code="r">2026-04-10 16:08:42</subfield>
    <subfield code="w">2026-04-10</subfield>
    <subfield code="y">RN</subfield>
  </datafield>
</record>
